000 00705nam a2200253Ia 4500
003 OSt
005 20221006143048.0
006 a|||||r|||| 00| 0
007 ta
008 221006b |||||||| |||| 00| 0 eng d
020 _c
_19.50
024 _a7,937
037 _cTextual
040 _aEASL
_cEASL
_beng
041 _2eng
_aeng
082 _aX.42.M68, L4
100 _aHAUSER William B
245 0 _aEconomic institutional change in Tokugawa Japan
_b Osaka and the Kinai cotton trade
260 _aCambridge
_bCambridge University Press
_c1974
300 _a239p.
_ccm.
490 _v JEL
942 _hX.42.M68, L4
_cTEXL
_2CC
999 _c1076023
_d1076023